000 00525nam a22001811c 4500
001 a987671288
008 130805s2010 gw |||| 000u rus d
041 _arus
245 0 0 _aSovetskoe obščestvo i vojna :
_b1941-1945 ; katalog istoriko-dokumental'noj vystavki
264 _aMoskva,
_c2010
300 _a[Ca. 45 ungezifferte, zweiseitig bedruckte Blätter]
650 0 _aSowjetunion
650 0 _aWeltkrieg <1939-1945>
650 0 _aAusstellungskatalog
942 _cMG
040 _cRU-10907106
003 RU-10907106
999 _c13230
_d13230